Historia del mundo antiguo: desde el origen de las civilizaciones hasta la caída de Roma
Gardado en:
| Autor Principal: | |
|---|---|
| Formato: | Libro |
| Idioma: | Lingua castelá |
| Publicado: |
Barcelona, España
Paidós Ibérica
2008
|
| Subjects: | |
| Tags: |
Engadir etiqueta
Sen Etiquetas, Sexa o primeiro en etiquetar este rexistro!
|
MARC
| LEADER | 00000cam a2200000 a 4500 | ||
|---|---|---|---|
| 001 | UCG2279 | ||
| 003 | CL-VaPUC | ||
| 005 | 20220503181708.0 | ||
| 008 | 100701e20080000SP |||||||||||||||||spa|d | ||
| 999 | |c 341500 |d 341498 | ||
| 020 | |a 9788449321290 | ||
| 040 | |c Pontificia Universidad Católica de Valparaíso | ||
| 082 | 0 | 4 | |a 930 BAU 2008 |2 21 |
| 100 | 0 | |a Bauer, Susan Wise |e autor |9 550708 | |
| 245 | 1 | 0 | |a Historia del mundo antiguo: |b desde el origen de las civilizaciones hasta la caída de Roma |
| 260 | |a Barcelona, España |b Paidós Ibérica |c 2008 | ||
| 300 | |a 1004 páginas | ||
| 583 | |a last modification |c 20111202 10:54:48 |k Rodrigo Vera | ||
| 650 | 0 | |a Historia antigua |9 267521 |x Imperio romano |z Roma | |
| 942 | |c BK |2 ddc | ||
| 945 | |d 20100701 00:00:00 |a dcastane | ||
| 952 | |0 0 |1 0 |2 ddc |4 0 |6 930_000000000000000_BAU_2008 |7 0 |8 A |9 437064 |a BIBHIS |b BIBHIS |d 2019-11-22 |i 4693175 |o 930 BAU 2008 |p 4693175 |r 2023-01-25 |t 1 |w 2019-11-22 |y BK |k HIS | ||
| 952 | |0 0 |1 0 |2 ddc |4 0 |6 930_000000000000000_BAU_2008 |7 0 |8 A |9 437065 |a BIBHIS |b BIBHIS |d 2019-11-22 |i 4709942 |o 930 BAU 2008 |p 4709942 |r 2023-01-25 |t 2 |w 2019-11-22 |y BK |k HIS | ||
| 952 | |0 0 |1 0 |2 ddc |4 0 |6 930_000000000000000_BAU_2008 |7 0 |8 A |9 437066 |a BIBHIS |b BIBHIS |d 2019-11-22 |i 4795350 |o 930 BAU 2008 |p 4795350 |r 2025-01-20 |t 3 |w 2019-11-22 |y BK |k HIS | ||